[Event "30. Open Pula 2016"]
[Site "Pula CRO"]
[Date "2016.09.13"]
[Round "4.8"]
[White "Luijpen, Michiel"]
[Black "Barthel, Ansgar"]
[Result "0-1"]
[WhiteElo "1958"]
[BlackElo "2211"]
[PlyCount "85"]
[EventDate "2016.09.10"]
[EventType "swiss"]
[EventRounds "9"]
[EventCountry "CRO"]
[SourceTitle "Ajedrez en Madrid"]
[Source "lmi"]
[SourceDate "2016.09.10"]
[SourceVersion "1"]
[SourceVersionDate "2017.04.19"]
[SourceQuality "1"]

1. e4 Nf6 2. e5 Nd5 3. d4 d6 4. Nf3 Bg4 5. Be2 c6 6. O-O Bxf3 7. Bxf3 dxe5 8.
dxe5 e6 9. b3 Nd7 10. c4 Ne7 11. Bb2 Ng6 12. Re1 Qc7 13. Qd4 Nc5 14. Be4 Rd8
15. Qe3 Nxe4 16. Qxe4 Bb4 17. Nc3 Rd2 18. Nd1 O-O 19. a3 Rxb2 20. Nxb2 Bxe1 21.
Rxe1 Rd8 22. g3 Qa5 23. Na4 Qd2 24. Qe3 Rd3 25. Qxd2 Rxd2 26. Re3 Kf8 27. Kg2
Ra2 28. b4 Rc2 29. Re4 b6 30. h4 h5 31. Kf3 b5 32. Nc5 Rc3+ 33. Ke2 Rxa3 34.
Nd7+ Ke8 35. Nb8 Ra2+ 36. Ke3 Ne7 37. g4 hxg4 38. Rxg4 Kd8 39. h5 Kc7 40. Nxc6
Kxc6 41. cxb5+ Kd5 42. Rg2 Nf5+ 43. Kd3 0-1

[Event "30. Open Pula 2016"]
[Site "Pula CRO"]
[Date "2016.09.13"]
[Round "4.9"]
[White "Fucak, Emilio Milko"]
[Black "Siljan, Milorad"]
[Result "0-1"]
[WhiteElo "2208"]
[BlackElo "1971"]
[PlyCount "118"]
[EventDate "2016.09.10"]
[EventType "swiss"]
[EventRounds "9"]
[EventCountry "CRO"]
[SourceTitle "Ajedrez en Madrid"]
[Source "lmi"]
[SourceDate "2016.09.10"]
[SourceVersion "1"]
[SourceVersionDate "2017.04.19"]
[SourceQuality "1"]

1. Nf3 Nf6 2. c4 e6 3. Nc3 d5 4. e3 Be7 5. d4 O-O 6. Qc2 b6 7. Bd2 Bb7 8. Rc1
dxc4 9. Bxc4 c5 10. dxc5 Bxc5 11. a3 Nbd7 12. O-O Rc8 13. Be2 Bd6 14. Qb1 Bb8
15. Rfd1 Qe7 16. e4 h6 17. Be3 Ng4 18. Bb5 Rfd8 19. Bxd7 Rxd7 20. Rxd7 Qxd7 21.
Rd1 Qe7 22. Qd3 Ne5 23. Nxe5 Bxe5 24. Bd4 Rd8 25. Bxe5 Rxd3 26. Rxd3 Ba6 27.
Rd1 Bc4 28. h3 b5 29. Bd6 Qg5 30. Kh2 e5 31. Bc5 a5 32. Be3 Qe7 33. Nd5 Qb7 34.
f3 Kh7 35. g4 Bb3 36. Rd3 Bc4 37. Rd2 b4 38. axb4 axb4 39. Bc5 Qb5 40. Bd6 Bxd5
41. exd5 Qb6 42. Be7 Qe3 43. Rg2 Qxf3 44. d6 Qd5 45. d7 Qxd7 46. Bxb4 e4 47.
Bc3 e3 48. Kg3 Qd3 49. h4 h5 50. gxh5 f5 51. Kh2 f4 52. Rxg7+ Kh6 53. Rf7 Qe2+
54. Kh3 Qf3+ 55. Kh2 Qg3+ 56. Kh1 Qxh4+ 57. Kg2 Qg3+ 58. Kh1 f3 59. Rg7 Qh3+
0-1

[Event "30. Open Pula 2016"]
[Site "Pula CRO"]
[Date "2016.09.13"]
[Round "4.10"]
[White "Kersic, Matej"]
[Black "Ciganovic, Nikola"]
[Result "1/2-1/2"]
[WhiteElo "2129"]
[BlackElo "2206"]
[PlyCount "79"]
[EventDate "2016.09.10"]
[EventType "swiss"]
[EventRounds "9"]
[EventCountry "CRO"]
[SourceTitle "Ajedrez en Madrid"]
[Source "lmi"]
[SourceDate "2016.09.10"]
[SourceVersion "1"]
[SourceVersionDate "2017.04.19"]
[SourceQuality "1"]

1. e4 e5 2. Nf3 Nc6 3. Bb5 a6 4. Ba4 Nf6 5. O-O b5 6. Bb3 Be7 7. Re1 O-O 8. d3
d6 9. c3 Bg4 10. h3 Bh5 11. Nbd2 Na5 12. Bc2 c5 13. Nf1 Nd7 14. Ng3 Bg6 15. Be3
Qc7 16. Qd2 Rfd8 17. b3 Nf8 18. d4 exd4 19. cxd4 d5 20. Rac1 c4 21. exd5 Ba3
22. Bxg6 Bxc1 23. Bxf7+ Kxf7 24. Rxc1 Rxd5 25. Qc2 Qe7 26. Bd2 cxb3 27. axb3
Nb7 28. Qc6 Rd6 29. Ne5+ Kg8 30. Nf5 Qxe5 31. dxe5 Rxc6 32. Rxc6 Nd8 33. Rb6
Nd7 34. Rd6 Nxe5 35. Bc3 Ndf7 36. Rb6 g6 37. Ne7+ Kf8 38. Nd5 Ra7 39. Bb4+ Kg7
40. Bc3 1/2-1/2

[Event "30. Open Pula 2016"]
[Site "Pula CRO"]
[Date "2016.09.13"]
[Round "4.11"]
[White "Janzelj, Lara"]
[Black "Zufic, Miroslav"]
[Result "0-1"]
[WhiteElo "2095"]
[BlackElo "2442"]
[PlyCount "92"]
[EventDate "2016.09.10"]
[EventType "swiss"]
[EventRounds "9"]
[EventCountry "CRO"]
[SourceTitle "Ajedrez en Madrid"]
[Source "lmi"]
[SourceDate "2016.09.10"]
[SourceVersion "1"]
[SourceVersionDate "2017.04.19"]
[SourceQuality "1"]

1. d4 Nf6 2. c4 g6 3. Nc3 d5 4. cxd5 Nxd5 5. e4 Nxc3 6. bxc3 Bg7 7. Bc4 c5 8.
Ne2 O-O 9. O-O Nc6 10. Be3 Bg4 11. f3 Bd7 12. Qd2 Qc7 13. Rac1 Rad8 14. Bh6 Bc8
15. Bxg7 Kxg7 16. f4 f5 17. e5 Na5 18. Bd3 Be6 19. Rf3 Bd5 20. Rg3 cxd4 21.
cxd4 Nc6 22. Bc4 Qd7 23. Rb3 Bxc4 24. Rxc4 Qd5 25. Qd3 Na5 26. Rc5 Qxc5 27.
dxc5 Rxd3 28. Rxd3 Rc8 29. Rd5 Kf7 30. Nd4 Nc6 31. Nf3 Ke6 32. Rd3 h6 33. h3
Rd8 34. Rb3 Rd7 35. Kf2 g5 36. fxg5 hxg5 37. Re3 f4 38. Re2 Kf5 39. g4+ fxg3+
40. Kxg3 Rd3 41. Kg2 Rxf3 42. Kxf3 Nd4+ 43. Ke3 Nxe2 44. Kxe2 Kxe5 45. Kf3 Kd4
46. Kg4 e5 0-1

[Event "30. Open Pula 2016"]
[Site "Pula CRO"]
[Date "2016.09.13"]
[Round "4.12"]
[White "Jovanic, Ognjen"]
[Black "Roth, Josef"]
[Result "1-0"]
[WhiteElo "2433"]
[BlackElo "2087"]
[PlyCount "55"]
[EventDate "2016.09.10"]
[EventType "swiss"]
[EventRounds "9"]
[EventCountry "CRO"]
[SourceTitle "Ajedrez en Madrid"]
[Source "lmi"]
[SourceDate "2016.09.10"]
[SourceVersion "1"]
[SourceVersionDate "2017.04.19"]
[SourceQuality "1"]

1. d4 d5 2. c4 e6 3. Nf3 c5 4. e3 Nf6 5. cxd5 exd5 6. Bb5+ Bd7 7. Bxd7+ Qxd7 8.
O-O Nc6 9. b3 cxd4 10. Nxd4 Bd6 11. Bb2 O-O 12. Nxc6 bxc6 13. Bxf6 gxf6 14. Nc3
Rfe8 15. Rc1 Rac8 16. Qf3 Qe6 17. g3 Ba3 18. Rc2 Bb4 19. Rd1 Bxc3 20. Rxc3 Qe5
21. Rdc1 Re6 22. Rc5 Qe4 23. Qxe4 dxe4 24. Rd1 Rc7 25. Rd4 Rce7 26. Kg2 Kg7 27.
Rdc4 Rc7 28. g4 1-0

[Event "30. Open Pula 2016"]
[Site "Pula CRO"]
[Date "2016.09.13"]
[Round "4.13"]
[White "Molnar, Bela"]
[Black "Pozun, Matej"]
[Result "1-0"]
[WhiteElo "2290"]
[BlackElo "2082"]
[PlyCount "89"]
[EventDate "2016.09.10"]
[EventType "swiss"]
[EventRounds "9"]
[EventCountry "CRO"]
[SourceTitle "Ajedrez en Madrid"]
[Source "lmi"]
[SourceDate "2016.09.10"]
[SourceVersion "1"]
[SourceVersionDate "2017.04.19"]
[SourceQuality "1"]

1. e4 c5 2. Nc3 Nc6 3. Nf3 e6 4. g3 g6 5. d4 cxd4 6. Nxd4 a6 7. Nxc6 dxc6 8.
Qxd8+ Kxd8 9. e5 f6 10. exf6 Nxf6 11. Bg5 Be7 12. O-O-O+ Ke8 13. Bh3 Kf7 14.
Bxf6 Bxf6 15. Ne4 Be7 16. c4 c5 17. Rhe1 Re8 18. Nd6+ Bxd6 19. Rxd6 Rb8 20. Re5
b6 21. Rc6 Re7 22. f4 Bd7 23. Rd6 Rb7 24. Bg2 Rb8 25. h4 Be8 26. Bh3 Bd7 27.
Rxd7 Rxd7 28. Bxe6+ Ke7 29. Bxd7+ Kxd7 30. Kd2 Kd6 31. h5 Rf8 32. b3 Rf6 33.
Ke3 b5 34. g4 bxc4 35. bxc4 a5 36. hxg6 hxg6 37. Ke4 Rf8 38. Rd5+ Kc6 39. Rg5
Rf6 40. f5 gxf5+ 41. gxf5 Rf8 42. Rg6+ Kc7 43. Ra6 Re8+ 44. Kd5 Rf8 45. f6 1-0

[Event "30. Open Pula 2016"]
[Site "Pula CRO"]
[Date "2016.09.13"]
[Round "4.14"]
[White "Vasic, Bosko"]
[Black "Muskardin, Mario"]
[Result "1-0"]
[WhiteElo "2090"]
[BlackElo "2280"]
[PlyCount "87"]
[EventDate "2016.09.10"]
[EventType "swiss"]
[EventRounds "9"]
[EventCountry "CRO"]
[SourceTitle "Ajedrez en Madrid"]
[Source "lmi"]
[SourceDate "2016.09.10"]
[SourceVersion "1"]
[SourceVersionDate "2017.04.19"]
[SourceQuality "1"]

1. e4 d6 2. d4 Nf6 3. Nc3 Nbd7 4. f4 e5 5. Nf3 exd4 6. Nxd4 Nc5 7. Bd3 g6 8.
O-O Bg7 9. Nf3 O-O 10. Be3 b6 11. Kh1 Bb7 12. Nd2 Qe7 13. Bd4 Rae8 14. Bb5 c6
15. Bd3 Nxd3 16. cxd3 c5 17. Bg1 d5 18. e5 Nh5 19. d4 f6 20. Qb3 fxe5 21. fxe5
Qh4 22. Nb5 cxd4 23. Bxd4 a6 24. Nd6 Qxd4 25. Nf3 Rxf3 26. Rxf3 Re7 27. Rd1
Qxe5 28. Qxb6 Nf6 29. Nxb7 Ng4 30. Qd8+ Re8 31. Qh4 h5 32. Nc5 Qe2 33. Rdf1 Re3
34. Qd8+ Kh7 35. Qxd5 Re5 36. Qd3 Qxb2 37. Ne4 Qb8 38. Rf4 Rf5 39. g3 Qb2 40.
Qd2 Qb7 41. Qg2 Qe7 42. Qf3 Rd5 43. Rd1 Qe6 44. h4 1-0

[Event "30. Open Pula 2016"]
[Site "Pula CRO"]
[Date "2016.09.13"]
[Round "4.15"]
[White "Thuesen, Mogens"]
[Black "Losonczi, Marcell"]
[Result "1/2-1/2"]
[WhiteElo "2196"]
[BlackElo "2035"]
[PlyCount "47"]
[EventDate "2016.09.10"]
[EventType "swiss"]
[EventRounds "9"]
[EventCountry "CRO"]
[SourceTitle "Ajedrez en Madrid"]
[Source "lmi"]
[SourceDate "2016.09.10"]
[SourceVersion "1"]
[SourceVersionDate "2017.04.19"]
[SourceQuality "1"]

1. f4 Nf6 2. Nf3 d6 3. g3 Nbd7 4. Bg2 g6 5. O-O Bg7 6. d3 O-O 7. e4 e5 8. Nc3
c6 9. Kh1 Qc7 10. f5 b5 11. Nh4 b4 12. Na4 d5 13. g4 Rd8 14. g5 Ne8 15. exd5
Bb7 16. fxg6 fxg6 17. Qf3 Nd6 18. dxc6 e4 19. Qg4 Bxc6 20. Qe6+ Kh8 21. Nxg6+
hxg6 22. Qh3+ Kg8 23. Qe6+ Kh8 24. Qh3+ 1/2-1/2

[Event "30. Open Pula 2016"]
[Site "Pula CRO"]
[Date "2016.09.13"]
[Round "4.16"]
[White "Voscilla, Adriano"]
[Black "Dotlic, Zdravko"]
[Result "1/2-1/2"]
[WhiteElo "2186"]
[BlackElo "2021"]
[PlyCount "76"]
[EventDate "2016.09.10"]
[EventType "swiss"]
[EventRounds "9"]
[EventCountry "CRO"]
[SourceTitle "Ajedrez en Madrid"]
[Source "lmi"]
[SourceDate "2016.09.10"]
[SourceVersion "1"]
[SourceVersionDate "2017.04.19"]
[SourceQuality "1"]

1. e4 c5 2. b3 d6 3. Bb2 Nf6 4. Nc3 g6 5. Nd5 e5 6. Bb5+ Bd7 7. Nxf6+ Qxf6 8.
Bxd7+ Nxd7 9. Ne2 Bg7 10. O-O O-O 11. f4 Qe7 12. d3 f5 13. fxe5 Bxe5 14. Bxe5
Qxe5 15. exf5 Rxf5 16. Rxf5 Qxf5 17. Qd2 Rf8 18. Ng3 Qf6 19. c3 d5 20. d4 cxd4
21. cxd4 Qf4 22. Qxf4 Rxf4 23. Ne2 Re4 24. Kf2 Nf6 25. h3 Re7 26. Ng3 Ne4+ 27.
Nxe4 Rxe4 28. Rc1 Rxd4 29. Rc8+ Kg7 30. Rc7+ Kh6 31. Rxb7 Rd2+ 32. Kf3 Rxa2 33.
g4 Kg5 34. Rxh7 Ra3 35. h4+ Kf6 36. Rh6 Ke5 37. g5 Ra6 38. Kg4 Rb6 1/2-1/2

[Event "30. Open Pula 2016"]
[Site "Pula CRO"]
[Date "2016.09.13"]
[Round "4.17"]
[White "Grguric, Dragan"]
[Black "Slamar, Velimir"]
[Result "0-1"]
[WhiteElo "2038"]
[BlackElo "2116"]
[PlyCount "62"]
[EventDate "2016.09.10"]
[EventType "swiss"]
[EventRounds "9"]
[EventCountry "CRO"]
[SourceTitle "Ajedrez en Madrid"]
[Source "lmi"]
[SourceDate "2016.09.10"]
[SourceVersion "1"]
[SourceVersionDate "2017.04.19"]
[SourceQuality "1"]

1. e4 c6 2. d4 d5 3. Nc3 dxe4 4. Nxe4 Nf6 5. Nxf6+ gxf6 6. Bc4 Bf5 7. Ne2 Nd7
8. Ng3 Bg6 9. O-O Qc7 10. f4 f5 11. Kh1 h5 12. h3 e6 13. Be3 O-O-O 14. a4 h4
15. Ne2 Bh5 16. Qe1 Bxe2 17. Bxe2 Nf6 18. Bf3 Bd6 19. b4 Nd5 20. b5 Nxe3 21.
Qxe3 Bxf4 22. Qd3 Be5 23. bxc6 Bxd4 24. cxb7+ Kb8 25. Rab1 Bb6 26. Qb3 Qg3 27.
Bc6 Qd6 28. Qf3 Bc7 29. Kg1 Qh2+ 30. Kf2 Rd2+ 31. Ke1 Rhd8 0-1

[Event "30. Open Pula 2016"]
[Site "Pula CRO"]
[Date "2016.09.13"]
[Round "4.18"]
[White "Sestic, Nermin"]
[Black "Ladisic, Alex-Sacha"]
[Result "1-0"]
[WhiteElo "2115"]
[BlackElo "2004"]
[PlyCount "23"]
[EventDate "2016.09.10"]
[EventType "swiss"]
[EventRounds "9"]
[EventCountry "CRO"]
[SourceTitle "Ajedrez en Madrid"]
[Source "lmi"]
[SourceDate "2016.09.10"]
[SourceVersion "1"]
[SourceVersionDate "2017.04.19"]
[SourceQuality "1"]

1. d4 Nf6 2. c4 d6 3. Nf3 Nc6 4. e3 e5 5. Be2 e4 6. Nfd2 Bf5 7. O-O h5 8. Nc3
g6 9. Qc2 Qe7 10. Nd5 Nxd5 11. cxd5 Nd8 12. Bb5+ 1-0

[Event "30. Open Pula 2016"]
[Site "Pula CRO"]
[Date "2016.09.13"]
[Round "4.19"]
[White "Jurman, Pjerino"]
[Black "Mestek, Igor"]
[Result "0-1"]
[WhiteElo "2025"]
[BlackElo "2110"]
[PlyCount "104"]
[EventDate "2016.09.10"]
[EventType "swiss"]
[EventRounds "9"]
[EventCountry "CRO"]
[SourceTitle "Ajedrez en Madrid"]
[Source "lmi"]
[SourceDate "2016.09.10"]
[SourceVersion "1"]
[SourceVersionDate "2017.04.19"]
[SourceQuality "1"]

1. d4 d5 2. Nf3 Nf6 3. Bg5 g6 4. e3 Bg7 5. Bd3 c5 6. c3 Nc6 7. Nbd2 Qb6 8. Qb1
O-O 9. O-O Re8 10. dxc5 Qxc5 11. e4 Bg4 12. e5 Nd7 13. Be3 Qa5 14. e6 Bxe6 15.
Ng5 Nf8 16. f4 d4 17. f5 dxe3 18. fxe6 f6 19. Nde4 fxg5 20. Qe1 Ne5 21. Bc2 Qb6
22. Kh1 h6 23. b4 a5 24. Rb1 a4 25. Nc5 Ng4 26. Qg3 Nf2+ 27. Kg1 Qd6 28. Qxe3
Ng4 29. Qh3 h5 30. Rbd1 Qe5 31. Rf3 Nxe6 32. Bxg6 Nf4 33. Bf7+ Kh7 34. Rxf4
gxf4 35. Ne4 Red8 36. Re1 Kh6 37. Qh4 f3 38. gxf3 Qxh2+ 39. Qxh2 Nxh2 40. Kxh2
Rd3 41. Kg2 Rf8 42. Nf2 Rd2 43. Rxe7 Bf6 44. Rxb7 Bh4 45. Rb6+ Kg7 46. Bxh5
Bxf2 47. Rg6+ Kh7 48. Rc6 Rxa2 49. Bg6+ Kg7 50. Be4 Rf6 51. Rc7+ Kh6 52. b5
Be3+ 0-1

[Event "30. Open Pula 2016"]
[Site "Pula CRO"]
[Date "2016.09.13"]
[Round "4.20"]
[White "Kozak, Antoni"]
[Black "Zagorsek, David"]
[Result "1/2-1/2"]
[WhiteElo "2105"]
[BlackElo "1945"]
[PlyCount "86"]
[EventDate "2016.09.10"]
[EventType "swiss"]
[EventRounds "9"]
[EventCountry "CRO"]
[SourceTitle "Ajedrez en Madrid"]
[Source "lmi"]
[SourceDate "2016.09.10"]
[SourceVersion "1"]
[SourceVersionDate "2017.04.19"]
[SourceQuality "1"]

1. e4 c6 2. d4 g6 3. c4 Bg7 4. Nc3 d6 5. Be3 f5 6. exf5 Bxf5 7. Bd3 Bxd3 8.
Qxd3 Qd7 9. Nf3 Na6 10. a3 Nc7 11. O-O Nh6 12. Bxh6 Bxh6 13. Rfe1 O-O 14. d5
Rae8 15. Nd4 e5 16. dxe6 Qe7 17. b4 Bg7 18. b5 Qf6 19. Nde2 Qxe6 20. Red1 d5
21. bxc6 dxc4 22. Qd6 Qxd6 23. Rxd6 Be5 24. Rd7 bxc6 25. f4 Bxc3 26. Nxc3 Nb5
27. Nxb5 cxb5 28. Rxa7 Rf7 29. Rxf7 Kxf7 30. Rb1 c3 31. Kf2 c2 32. Rc1 Rc8 33.
Ke3 Rc3+ 34. Kd4 Rxa3 35. Rxc2 Ra4+ 36. Kc5 Ra7 37. Rb2 Rb7 38. Rb4 Rc7+ 39.
Kd4 Rc2 40. g4 Rxh2 41. Rxb5 Rd2+ 42. Ke4 Re2+ 43. Kf3 Re7 1/2-1/2

[Event "30. Open Pula 2016"]
[Site "Pula CRO"]
[Date "2016.09.13"]
[Round "5.1"]
[White "Srbis, Jurica"]
[Black "Krsnik Cohar, Ivan Vihor"]
[Result "1/2-1/2"]
[WhiteElo "2415"]
[BlackElo "2330"]
[PlyCount "56"]
[EventDate "2016.09.10"]
[EventType "swiss"]
[EventRounds "9"]
[EventCountry "CRO"]
[SourceTitle "Ajedrez en Madrid"]
[Source "lmi"]
[SourceDate "2016.09.10"]
[SourceVersion "1"]
[SourceVersionDate "2017.04.19"]
[SourceQuality "1"]

1. e4 c6 2. d4 d5 3. Nc3 dxe4 4. Nxe4 Bf5 5. Nc5 e5 6. Nxb7 Qb6 7. Nc5 exd4 8.
Nb3 Bb4+ 9. Bd2 Nf6 10. Qe2+ Be6 11. Nf3 Bxd2+ 12. Qxd2 c5 13. Be2 O-O 14. O-O
a5 15. Ng5 Bd5 16. c4 Bb7 17. Bf3 Bxf3 18. Nxf3 a4 19. Nc1 Nc6 20. Nd3 Rfe8 21.
Rfe1 h6 22. h3 Rad8 23. Rxe8+ Rxe8 24. Re1 Rxe1+ 25. Qxe1 Qa6 26. Qc1 Nd7 27.
Qc2 Qa5 28. Qe2 Nf6 1/2-1/2

[Event "30. Open Pula 2016"]
[Site "Pula CRO"]
[Date "2016.09.13"]
[Round "5.2"]
[White "Licardo, Renato"]
[Black "Fercec, Nenad"]
[Result "0-1"]
[WhiteElo "2215"]
[BlackElo "2441"]
[PlyCount "68"]
[EventDate "2016.09.10"]
[EventType "swiss"]
[EventRounds "9"]
[EventCountry "CRO"]
[SourceTitle "Ajedrez en Madrid"]
[Source "lmi"]
[SourceDate "2016.09.10"]
[SourceVersion "1"]
[SourceVersionDate "2017.04.19"]
[SourceQuality "1"]

1. e4 c5 2. Nf3 d6 3. d4 cxd4 4. Nxd4 Nf6 5. Nc3 a6 6. Be2 e5 7. Nb3 Be7 8. O-O
O-O 9. f4 b5 10. Bf3 Bb7 11. Be3 Nbd7 12. Kh1 Rc8 13. Nd5 Bxd5 14. exd5 e4 15.
Be2 Nb6 16. Bxb6 Qxb6 17. Nd4 Rfe8 18. Nf5 Bf8 19. a4 g6 20. Qd4 Nd7 21. Qxb6
Nxb6 22. Ne3 Nxa4 23. c4 Rb8 24. Ra2 Bg7 25. cxb5 axb5 26. Bxb5 Rxb5 27. Rxa4
f5 28. g4 Rxb2 29. Nc4 Rc2 30. gxf5 e3 31. Nxd6 e2 32. Re1 Bc3 33. f6 Rf8 34.
Rc4 Bxe1 0-1

[Event "30. Open Pula 2016"]
[Site "Pula CRO"]
[Date "2016.09.13"]
[Round "5.3"]
[White "Barthel, Ansgar"]
[Black "Hresc, Vladimir"]
[Result "1/2-1/2"]
[WhiteElo "2211"]
[BlackElo "2354"]
[PlyCount "57"]
[EventDate "2016.09.10"]
[EventType "swiss"]
[EventRounds "9"]
[EventCountry "CRO"]
[SourceTitle "Ajedrez en Madrid"]
[Source "lmi"]
[SourceDate "2016.09.10"]
[SourceVersion "1"]
[SourceVersionDate "2017.04.19"]
[SourceQuality "1"]

1. e4 e5 2. Nf3 Nc6 3. Bc4 Bc5 4. d3 d6 5. Nc3 Nf6 6. Bg5 h6 7. Bxf6 Qxf6 8.
Nd5 Qd8 9. c3 a6 10. d4 exd4 11. cxd4 Ba7 12. h3 O-O 13. O-O b5 14. Bb3 Na5 15.
Bc2 c6 16. Nf4 c5 17. dxc5 Bxc5 18. Qd3 g6 19. Nxg6 fxg6 20. Qd5+ Kg7 21. Qxa8
Rxf3 22. gxf3 Qg5+ 23. Kh2 Qf4+ 24. Kg2 Bxh3+ 25. Kxh3 Qxf3+ 26. Kh2 Qf4+ 27.
Kh3 Qf3+ 28. Kh2 Qf4+ 29. Kh3 1/2-1/2

[Event "30. Open Pula 2016"]
[Site "Pula CRO"]
[Date "2016.09.13"]
[Round "5.4"]
[White "Siljan, Milorad"]
[Black "Ostovic, Matija"]
[Result "0-1"]
[WhiteElo "1971"]
[BlackElo "2337"]
[PlyCount "56"]
[EventDate "2016.09.10"]
[EventType "swiss"]
[EventRounds "9"]
[EventCountry "CRO"]
[SourceTitle "Ajedrez en Madrid"]
[Source "lmi"]
[SourceDate "2016.09.10"]
[SourceVersion "1"]
[SourceVersionDate "2017.04.19"]
[SourceQuality "1"]

1. e4 d6 2. d4 Nf6 3. Bd3 e5 4. d5 Be7 5. c4 O-O 6. Nc3 c6 7. a4 a5 8. Nge2
Nbd7 9. Ng3 Nc5 10. Bc2 g6 11. O-O h5 12. Bg5 Nh7 13. Bh6 Re8 14. Be3 h4 15.
Nge2 Qb6 16. Qd2 Qb4 17. Bxc5 Qxc5 18. b3 Ng5 19. Qe3 Qxe3 20. fxe3 h3 21. g3
Bd8 22. Kf2 Bb6 23. Ng1 f5 24. Ke2 Rf8 25. Nf3 Nxf3 26. Rxf3 f4 27. exf4 Bg4
28. f5 Bd4 0-1

[Event "30. Open Pula 2016"]
[Site "Pula CRO"]
[Date "2016.09.13"]
[Round "5.5"]
[White "Zufic, Miroslav"]
[Black "Kersic, Matej"]
[Result "1-0"]
[WhiteElo "2442"]
[BlackElo "2129"]
[PlyCount "89"]
[EventDate "2016.09.10"]
[EventType "swiss"]
[EventRounds "9"]
[EventCountry "CRO"]
[SourceTitle "Ajedrez en Madrid"]
[Source "lmi"]
[SourceDate "2016.09.10"]
[SourceVersion "1"]
[SourceVersionDate "2017.04.19"]
[SourceQuality "1"]

1. e4 c5 2. Nf3 d6 3. d4 cxd4 4. Nxd4 Nf6 5. Nc3 a6 6. Be3 e5 7. Nb3 Be6 8. h3
d5 9. exd5 Nxd5 10. Nxd5 Qxd5 11. Qxd5 Bxd5 12. O-O-O Bxb3 13. axb3 Nc6 14. Bc4
Be7 15. Rhe1 Rd8 16. Rxd8+ Bxd8 17. Bd5 f6 18. f4 Kd7 19. fxe5 fxe5 20. c3 Kc7
21. Rf1 Bf6 22. b4 Rf8 23. Kc2 Be7 24. Rxf8 Bxf8 25. Kd3 Nb8 26. Bg8 h6 27. Ke4
Nc6 28. Bf7 Bd6 29. Kf5 Kd7 30. Be6+ Ke8 31. Bd5 Ne7+ 32. Ke6 Nxd5 33. Kxd5 Ke7
34. Bc5 Bxc5 35. bxc5 Kf6 36. b4 Kf5 37. c4 e4 38. Kd4 g6 39. b5 axb5 40. cxb5
e3 41. Kxe3 Ke5 42. c6 bxc6 43. bxc6 Kd6 44. Kf4 Kxc6 45. Ke5 1-0

[Event "30. Open Pula 2016"]
[Site "Pula CRO"]
[Date "2016.09.13"]
[Round "5.6"]
[White "Mis, Mieszko"]
[Black "Jovanic, Ognjen"]
[Result "0-1"]
[WhiteElo "2194"]
[BlackElo "2433"]
[PlyCount "76"]
[EventDate "2016.09.10"]
[EventType "swiss"]
[EventRounds "9"]
[EventCountry "CRO"]
[SourceTitle "Ajedrez en Madrid"]
[Source "lmi"]
[SourceDate "2016.09.10"]
[SourceVersion "1"]
[SourceVersionDate "2017.04.19"]
[SourceQuality "1"]

1. d4 Nf6 2. c4 e6 3. Nc3 Bb4 4. e3 O-O 5. Bd3 d5 6. Nf3 c5 7. O-O cxd4 8. exd4
dxc4 9. Bxc4 Nbd7 10. Bg5 Bxc3 11. bxc3 Qc7 12. Qe2 b6 13. Rac1 Bb7 14. Ba6
Rac8 15. Rfe1 h6 16. Bh4 Bxa6 17. Qxa6 Qc4 18. Qa3 b5 19. Bxf6 Nxf6 20. Ne5 Qc7
21. Nd3 Nd7 22. Qb2 Rb8 23. Qe2 Rfc8 24. Qg4 Qd8 25. Red1 Rc4 26. Qg3 Rbc8 27.
Nb2 R4c7 28. a4 a6 29. axb5 axb5 30. Qd3 Qg5 31. d5 exd5 32. Qxd5 Nf6 33. Qd3
Qe5 34. Qh3 Nd5 35. c4 Nf4 36. Qb3 Ne2+ 37. Kf1 Nxc1 38. Rxc1 Qxh2 0-1

[Event "30. Open Pula 2016"]
[Site "Pula CRO"]
[Date "2016.09.13"]
[Round "5.7"]
[White "Slamar, Velimir"]
[Black "Loncar, Robert"]
[Result "0-1"]
[WhiteElo "2116"]
[BlackElo "2389"]
[PlyCount "40"]
[EventDate "2016.09.10"]
[EventType "swiss"]
[EventRounds "9"]
[EventCountry "CRO"]
[SourceTitle "Ajedrez en Madrid"]
[Source "lmi"]
[SourceDate "2016.09.10"]
[SourceVersion "1"]
[SourceVersionDate "2017.04.19"]
[SourceQuality "1"]

1. d4 Nf6 2. c4 c5 3. d5 b5 4. cxb5 a6 5. Nc3 axb5 6. e4 b4 7. Nb5 d6 8. Bf4
Nxe4 9. Qe2 g5 10. Bc1 Nf6 11. Bxg5 Bg7 12. Qc4 Nbd7 13. O-O-O Ba6 14. Qb3 O-O
15. Bxf6 Nxf6 16. Bc4 Qa5 17. a4 bxa3 18. bxa3 Ne4 19. Ne2 Nxf2 20. a4 Nxh1 0-1

[Event "30. Open Pula 2016"]
[Site "Pula CRO"]
[Date "2016.09.13"]
[Round "5.8"]
[White "Mestek, Igor"]
[Black "Molnar, Bela"]
[Result "1/2-1/2"]
[WhiteElo "2110"]
[BlackElo "2290"]
[PlyCount "25"]
[EventDate "2016.09.10"]
[EventType "swiss"]
[EventRounds "9"]
[EventCountry "CRO"]
[SourceTitle "Ajedrez en Madrid"]
[Source "lmi"]
[SourceDate "2016.09.10"]
[SourceVersion "1"]
[SourceVersionDate "2017.04.19"]
[SourceQuality "1"]

1. e4 c5 2. Nf3 d6 3. d4 cxd4 4. Nxd4 Nf6 5. Nc3 Nc6 6. Bc4 Bd7 7. Bb3 g6 8. h3
Bg7 9. Be3 O-O 10. O-O Nxd4 11. Bxd4 Bc6 12. Qd3 e6 13. Rad1 1/2-1/2

[Event "30. Open Pula 2016"]
[Site "Pula CRO"]
[Date "2016.09.13"]
[Round "5.9"]
[White "Elishev, Ivan"]
[Black "Zierke, Oliver"]
[Result "1/2-1/2"]
[WhiteElo "2098"]
[BlackElo "2238"]
[PlyCount "76"]
[EventDate "2016.09.10"]
[EventType "swiss"]
[EventRounds "9"]
[EventCountry "CRO"]
[SourceTitle "Ajedrez en Madrid"]
[Source "lmi"]
[SourceDate "2016.09.10"]
[SourceVersion "1"]
[SourceVersionDate "2017.04.19"]
[SourceQuality "1"]

1. e4 c5 2. Nf3 d6 3. Nc3 Nc6 4. d4 cxd4 5. Nxd4 Nf6 6. g3 e5 7. Nde2 Bg4 8.
Bg2 Qd7 9. h3 Be6 10. Be3 Be7 11. Nd5 O-O 12. Qd2 Bd8 13. Rd1 Ne8 14. g4 Ne7
15. Nxe7+ Bxe7 16. Ng3 g6 17. O-O Ng7 18. f4 exf4 19. Bxf4 Rad8 20. b3 f6 21.
c4 b5 22. cxb5 Qxb5 23. Ne2 Qd7 24. Nc3 Rf7 25. Rf3 Bf8 26. Nd5 Bxd5 27. Qxd5
Qe6 28. Rc3 Qxd5 29. Rxd5 Ne6 30. Be3 Re8 31. b4 Ng5 32. Rd4 Rd7 33. Kf2 Nf7
34. Bf4 Ne5 35. Bxe5 Rxe5 36. Rc8 Kf7 37. Ke3 Rb5 38. a3 Re5 1/2-1/2